00000000nam##2200000za#4500
0019.647523
003CaOODSP
00520240209132409
007ta
008150407|1999||||xxc|||||     f|0| 0 eng|d
020 |a0-662-28313-9
040 |aCaOODSP|beng
043 |an-cn---
0861 |aC89-4/59-2-1999E
1102 |aAtlantic Canada Opportunities Agency.
24510|aPlanning for success : |byour guide to preparing a marketing plan
260 |bAtlantic Canada Opportunities Agency |c1999.
300 |a12p. : |bgraph, tables ; |c28 cm.
563 |aSoftcover
590 |a00-08|b2000-02-25
69007|aMarket analysis|2gcpds
77508|tPlanifiez votre succès : |w(CaOODSP)9.680940
7760#|tPlanifiez votre succès : |w(CaOODSP)9.638201
7760#|tPlanning for success : |w(CaOODSP)9.694018